Clasificación de industrias
Uloženo v:
| Korporativní autor: | |
|---|---|
| Médium: | Text |
| Vydáno: |
San José:
INVU. Departamento de Urbanismo
|
| Tagy: |
Přidat tag
Žádné tagy, Buďte první, kdo vytvoří štítek k tomuto záznamu!
|
MARC
| LEADER | 00000 a a2200000 04500 | ||
|---|---|---|---|
| 001 | 16426 | ||
| 003 | |||
| 040 | |a CRAI/IIS |c CRAI/IIS | ||
| 090 | |a EXTRAVIADO | ||
| 110 | |a Instituto Nacional de Vivienda y Urbanismo (Costa Rica) | ||
| 245 | |a Clasificación de industrias | ||
| 260 | |a San José: |b INVU. Departamento de Urbanismo | ||
| 300 | |a 32 p. | ||
| 999 | |c 7027 |d 7027 | ||
